000 00916nam a2200205Ii 4500
003 JO-AjNU
008 230605s9999||||xx |||||||||||||| ||und||
017 _a2017/8/4372
040 _aJO-AjNU
_bara
_erda
_cJO-AjNU
041 _aara
050 1 4 _aHQ766.5.J6 2017
100 3 _aشركة بي كي إف المجموعة المهنية إعداد,
_eauthor
_958357
245 0 0 _aدراسة واقع برامج الصحة الإنجابية للأشخاص ذوي الإعاقة في المملكة الأردنية الهاشمية: المجلس الأعلى لحقوق ذوي الإعاقة
264 3 1 _aعمان: المجلس الأعلى لحقوق ذوي الإعاقة، 2017
300 _a134ص
336 _atext
_btxt
_2rdacontent
337 _aunmediated
_bn
_2rdamedia
338 _avolume
_bnc
_2rdacarrier
650 4 _aالأردن - صحة إنجابية - الأشخاص ذوي الإعاقة
_958358
999 _aA26202
_c29770
_d29770